| 000 | 01083nam1a2200277 i 4500 | ||
|---|---|---|---|
| 001 | RU\NLR\bibl\543239 | ||
| 005 | 20260408195525.0 | ||
| 035 | _a(NLR Aleph) 000535469 | ||
| 090 |
_a1379860 _c1379860 |
||
| 100 | _a20040805g20049999u y0rusy50 ca | ||
| 101 | 0 | _arus | |
| 102 | _aRU | ||
| 105 | _a||||f ||||| | ||
| 200 | 1 |
_aБольшая кубанская энциклопедия _e[В 6 т. _fРедсовет.: пред. М.К. Ахеджак, к.т.н. и др.] |
|
| 210 |
_aКраснодар _cЦентр информ. и экон. развития печати, телевидения и радио Краснодар. края _d2004 |
||
| 215 | _d27 | ||
| 463 | 0 | _1001541107 | |
| 608 |
_aЭнциклопедии _yКубань _92339199 _3RU\NLR\auth\661398338 |
||
| 686 | _aЯ20(2Р37) | ||
| 702 | 1 |
_4340 _7ca _8rus _aАхеджак _bМ. К. _f1962-2010 _gМурат Казбекович _93275 _3RU\NLR\AUTH\7720207 |
|
| 801 | 0 |
_aRU _bNLR _c20040805 _gPSBO |
|
| 801 | 1 |
_aRU _bNLR _c20040805 |
|
| 852 |
_aNLR _jС 2004-4/80 |
||
| 942 | _cBOOK | ||